Cartas a un arrepentido de la Internacional (Registro nro. 53952)

Detalles MARC
000 -LEADER
campo de control de longitud fija 00950nam a2200217 i 4500
001 - NÚMERO DE CONTROL
campo de control 53952
003 - IDENTIFICADOR DE NÚMERO DE CONTROL
campo de control ES-MaACL
005 - FECHA Y HORA DE LA ÚLTIMA TRANSACCIÓN
campo de control 20250808082508.0
007 - CAMPO FIJO DE DESCRIPCIÓN FÍSICA--INFORMACIÓN GENERAL
campo de control de longitud fija t|
008 - DATOS DE LONGITUD FIJA--INFORMACIÓN GENERAL
campo de control de longitud fija 931025s1882 sp ||||1| spa d
100 1# - ENTRADA PRINCIPAL--NOMBRE DE PERSONA
Nombre de persona Ferrán, Ignacio María de.
9 (RLIN) 50235
245 10 - MENCIÓN DEL TÍTULO
Título Cartas a un arrepentido de la Internacional
Resto del título : las huelgas de trabajadores, las asociaciones de obreros y las cajas de ahorros /
Mención de responsabilidad, etc. escritos... Ignacio María de Ferrán, premiados con accessit por la Real Academia de Ciencias Morales y Politicas en el concurso extraordinario de 1875.
260 ## - PUBLICACIÓN, DISTRIBUCIÓN, ETC.
Lugar de publicación, distribución, etc. Madrid :
Nombre del editor, distribuidor, etc. [s.n.],
Fecha de publicación, distribución, etc. 1882 (
Fabricante Tip. Gutenberg á cargo de M. Salamanqués)
300 ## - DESCRIPCIÓN FÍSICA
Extensión 93 p. ;
Dimensiones 20 cm.
650 #7 - PUNTO DE ACCESO ADICIONAL DE MATERIA--TÉRMINO DE MATERIA
Término de materia o nombre geográfico como elemento de entrada Comunismo
Fuente del encabezamiento o término embne
9 (RLIN) 11211
650 #7 - PUNTO DE ACCESO ADICIONAL DE MATERIA--TÉRMINO DE MATERIA
Término de materia o nombre geográfico como elemento de entrada Derecho al trabajo
Fuente del encabezamiento o término embne
9 (RLIN) 155717
710 2# - ENTRADA AGREGADA--NOMBRE DE ENTIDAD CORPORATIVA
Nombre de entidad corporativa o nombre de jurisdicción como elemento de entrada Real Academia de Ciencias Morales y Políticas (España)
9 (RLIN) 222050
852 ## - LOCALIZACIÓN
Ubicación ES-MaACL
Número de control de estantería 1636-F-14
852 ## - LOCALIZACIÓN
Ubicación ES-MaACL
Número de control de estantería T-400-F-2
Existencias
Estatus retirado Estado de pérdida Estado de daño No para préstamo Colección Biblioteca de origen Biblioteca actual Ubicación en estantería Fecha de adquisición Fuente de adquisición Total de préstamos Signatura topográfica completa Código de barras Visto por última vez Precio de reemplazo Tipo de ítem Koha
        Colección de folletos Biblioteca del Ateneo de Madrid Biblioteca del Ateneo de Madrid Depósito folletos 17/01/2008     T-400-F-2 1056702 23/02/2023 23/02/2023 Folleto
        Colección de folletos Biblioteca del Ateneo de Madrid Biblioteca del Ateneo de Madrid Depósito folletos 17/01/2008     1636-F-14 1056701 23/02/2023 23/02/2023 Folleto